000
00179 a2200097 4500
020
_a
9788484640172
041
_a
spa
100
_a
Carballeira, Paula
245
_a
Mateo
942
_c
BK
999
_c
9956
_d
9956